00882cam a22002657a 45000010005000000030006000050050017000110080041000280100017000690200018000860400018001040500015001220820011001371000019001482450071001672600035002383000048002734900031003215050007003525200147003595210020005065210020005266500039005467000031005854001FISKH20240529154327.0111012s2010 nyua j 000 1 eng  a 2011292574 a9780545155236 aDLCcDLCbeng00aPZ7.S1975  a741.5 1 aSander, Sonia.10aCalling all cars! /cby Sonia Sander ; illustrated by Mada Design. aNew York :bScholastic,c2010. a31 pages : bcolor illustrations ; c23 cm 0 aScholastic reader. Level 1 aF  aExplore the world of LEGO City! Sound the alarm! The bank is being robbed! Will the police solve the crime or will the bank robbers get away? 2 a340 bLexile 2 aF bRaz-Plus  aTransportation xCommunity Helpers aDesign, Mada eillustrator